01401 a2200205 4500001000500000005001700005008004100022003001500063040004000078080003500118245003800153020002200191250001200213264003400225300002400259505074600283041000801029100003101037856012701068189220260407155419.0260407a2006 arg spa dAR-UNSa-BCEJYS aAR-UNSa-BCEJYSbspacAR-UNSa-BCEJYS a657.47xContabilidad de Costos10aLos costos en el sector público a978-987-01-0565-7 a1a. ed. 1aBuenos Aires :bErreparc2006 axvi, 304 p.c22 cm. a1. El sector público y el control de gestión en las haciendas públicas - 2. Los principios de economía, eficiencia y eficacia. Su aplicabilidad en el sector público - 3. Pautas para el sistema de información en el sector público - 4. Fundamentos de la estructura básica de un sistema de información para el sector público - 5. Conceptos básicos de costos - 6. La información en materia de costos - 7. Antecedentes sobre la elaboración de información de costos en el sector público - 8. Aplicabilidad y uso de los costos en el sector público - 9. Hacia una teoría general de los costos (TGC)en la contabilidad de las haciendas públicas - 10. Ejercicio integral del uso de los costos en el sector público  aspa1 aRodríguez, Roberto Mario41uhttps://biblioeco.unsa.edu.ar/pmb/images/libros/Los costos en el sector publico-l118085.jpgyImagen de portadaqimage/jpeg